Commissione Parlamentare d'Inchiesta sui Fenomeni di Criminalità in Sardegna (istituita con legge 27 ottobre 1969, n. 755)
| Autor Corporativo: | |
|---|---|
| Tipo de documento: | Print Libro |
| Lenguaje: | Italiano |
| Publicado: |
Roma
Tipografia del Senato
[circa 1972]
|
| En: |
Documenti, relazioni / Cámera dei Deputati (Doc. 23, N. 3)
Año: 1972 |
| Disponibilidad en Tübingen: | Disponible en Tübingen. UB: KB 1 B 390 |
| Verificar disponibilidad: | HBZ Gateway |
| Servicio de pedido Subito: | Pedir ahora. |
| Palabras clave: |
MARC
| LEADER | 00000cam a22000002c 4500 | ||
|---|---|---|---|
| 001 | 1123915873 | ||
| 003 | DE-627 | ||
| 005 | 20220611122402.0 | ||
| 007 | tu | ||
| 008 | 960826s1972 xx ||||| 00| ||ita c | ||
| 035 | |a (DE-627)1123915873 | ||
| 035 | |a (DE-576)053915879 | ||
| 035 | |a (DE-599)BSZ053915879 | ||
| 035 | |a (OCoLC)312559144 | ||
| 040 | |a DE-627 |b ger |c DE-627 |e rakwb | ||
| 041 | |a ita | ||
| 110 | 2 | |a Italien |b Commissione Parlamentare d'Inchiesta sui Fenomeni di Criminalità in Sardegna |e GeistigeR SchöpferIn |0 (DE-588)1183411472 |0 (DE-627)1663176167 |4 cre | |
| 245 | 1 | 0 | |a Commissione Parlamentare d'Inchiesta sui Fenomeni di Criminalità in Sardegna (istituita con legge 27 ottobre 1969, n. 755) |
| 246 | 3 | 0 | |a commissione parlamentare inchiesta fenomeni criminalità Sardegna |
| 264 | 1 | |a Roma |b Tipografia del Senato |c [circa 1972] | |
| 300 | |a 655 S. | ||
| 336 | |a Text |b txt |2 rdacontent | ||
| 337 | |a ohne Hilfsmittel zu benutzen |b n |2 rdamedia | ||
| 338 | |a Band |b nc |2 rdacarrier | ||
| 490 | 1 | |a Documenti / Camera dei Deputati |v Doc. 23, N. 3 | |
| 583 | 1 | |a Archivierung prüfen |c 20200919 |f DE-640 |z 2 |2 pdager | |
| 689 | 0 | 0 | |d g |0 (DE-588)4051686-6 |0 (DE-627)10617567X |0 (DE-576)209094710 |a Sardinien |2 gnd |
| 689 | 0 | 1 | |d s |0 (DE-588)4033178-7 |0 (DE-627)10458503X |0 (DE-576)209000511 |a Kriminalität |2 gnd |
| 689 | 0 | 2 | |d s |0 (DE-588)4173376-9 |0 (DE-627)105380466 |0 (DE-576)209949767 |a Parlamentsdebatte |2 gnd |
| 689 | 0 | |5 (DE-627) | |
| 810 | 2 | |a Italien |b Camera dei Deputati |t Documenti, relazioni / Cámera dei Deputati |v Doc. 23, N. 3 |9 5,23,3 |w (DE-627)166477494 |w (DE-576)014818280 |w (DE-600)198900-5 |7 am | |
| 951 | |a BO | ||
| ELC | |b 1 | ||
| LOK | |0 000 xxxxxcx a22 zn 4500 | ||
| LOK | |0 001 2287825967 | ||
| LOK | |0 003 DE-627 | ||
| LOK | |0 004 1123915873 | ||
| LOK | |0 005 20150820092049 | ||
| LOK | |0 008 960826||||||||||||||||ger||||||| | ||
| LOK | |0 040 |a DE-21 |c DE-627 |d DE-21 | ||
| LOK | |0 852 |a DE-21 | ||
| LOK | |0 852 1 |c KB 1 B 390 |9 00 | ||
| LOK | |0 866 |x Ers. f. fehlende StOK | ||
| LOK | |0 935 |a konv |a krim | ||
| LOK | |0 939 |a 26-08-96 |b l01 | ||
| ORI | |a SA-MARC-krimdoka001.raw | ||
| SIG | |a UB: KB 1 B 390 | ||
| TIM | |a 100019480101_100020261231 |b 1948 - 2026 | ||
